El loco estero
Kaydedildi:
| Yazar: | |
|---|---|
| Materyal Türü: | Kitap |
| Dil: | İspanyolca |
| Baskı/Yayın Bilgisi: |
Santiago
Renacimiento
1981
|
| Seri Bilgileri: | Colección Delfín
|
| Konular: | |
| Etiketler: |
Etiketle
Etiket eklenmemiş, İlk siz ekleyin!
|
MARC
| LEADER | 00000nam a2200000 a 4500 | ||
|---|---|---|---|
| 001 | UCZ0137 | ||
| 003 | CL-VaPUC | ||
| 008 | 950724e19810000CL |||||||||||||||||spa|d | ||
| 082 | 0 | 4 | |a Ch863 |b BLE |2 21 |
| 100 | 0 | |a Blest Gana, Alberto |e author |9 342778 | |
| 245 | 1 | 3 | |a El loco estero |
| 300 | |a 325 p | ||
| 942 | |c BK | ||
| 945 | |d 19950724 00:00:00 |a lriquelm | ||
| 260 | |a Santiago |b Renacimiento |c 1981 | ||
| 650 | 0 | |a Literatura chilena |9 308278 | |
| 650 | 0 | |a Novelas chilenas |9 265425 | |
| 650 | 0 | |a Formas y géneros literarios |9 324031 | |
| 583 | |a last modification |c 19950724 00:00:00 |k Rodrigo Vera | ||
| 490 | 0 | |a Colección Delfín | |
| 999 | |c 237103 |d 237101 | ||
| 952 | |0 0 |1 0 |4 0 |6 CH_863_000000000000000_BLE_1981 |7 0 |8 A |9 245880 |a BIBEDU |b BIBEDU |d 2019-11-18 |i 1534394 |o Ch863 BLE 1981 |p 1534394 |r 2019-11-18 |w 2019-11-18 |y BK |k EDU | ||
| 952 | |0 0 |1 0 |4 0 |6 CH_863_000000000000000_BLE_1981 |7 0 |8 A |9 245881 |a BIBEDU |b BIBEDU |d 2019-11-18 |i 160208K |o Ch863 BLE 1981 |p 160208K |r 2019-11-18 |w 2019-11-18 |y BK |k EDU | ||